000 00369nam a2200133Ia 4500
008 240624s9999 xx 000 0 und d
041 _aeng
082 _a658.4038011 JOS
100 _aP T JOSEPH SJ
245 _aMANAGEMENT INFORMATION SYSTEMS IN KNOWLE
260 _c2009
_aNew Delhi
_bPrentice-Hall of India
300 _axiv, : 549 : p. : cm. ; 23
365 _cRS
_b35
999 _c15015
_d15015